| 000 | 00445pab a2200169 454500 | ||
|---|---|---|---|
| 008 | 180718b1988 xxu||||| |||| 00| 0 eng d | ||
| 100 | _aArnott, Richard J. | ||
| 245 | _aImplicit contracts, labour mobility, and enemployment | ||
| 260 | _c1988 | ||
| 300 | _a1046-66 | ||
| 362 | _aDec. | ||
| 650 | _aPersonnel - Lay off | ||
| 700 | _aJoseph E. Stiglitz | ||
| 700 | _aArthur J. Hosios | ||
| 773 | _aAmerican Economic Review | ||
| 909 | _a14866 | ||
| 999 |
_c14866 _d14866 |
||